000 00644nam a2200229Ia 4500
001 15533
003 GE_BSU
008 181216s||||||||xx |||||||||||||| ||und||
040 _cGE_BSU
080 _a821.353.1-32
100 _aჩხეიძე,ბორის
245 _aომგადახდილი
245 _bმოთხრობა
245 _cპ/რედ.მ.ჯიბლაძე.
260 _aთბილისი
260 _bკომუნისტი
260 _c1945
300 _a44გვ.18სმ.
653 _aმოთხრობა
653 _aომგადახდილი
942 _cBK
999 _c48633
_d48633